vufinder Bibliothèque Municipale de Charleval de Provence
Se connecter
« Retourner aux résultats de recherche

Sssi j'te mords, t'es mort !

Book Cover
Auteur principal: Pierre Delye
Support: Livres
Langue: Francais
Publié: 2008 Didier Jeunesse Paris
Genre: Album
Sujets:
Étiquettes: Ajouter
Pas de Tags !

LEADER 00487nam0a2200157 450
001 16801743
010 |a 9782278059676  |d 11,9 € 
100 |a 20070101d2008 u u0frey01 ba 
101 0 |a fre 
200 0 |a Sssi j'te mords, t'es mort !  |f Pierre Delye 
207 1 |a   
210 |a Paris  |c Didier Jeunesse  |d 2008 
700 0 |a Delye  |b Pierre  |f 1968-....  |4 70 
900 |a Album 
901 |a Accessible au prêt 
995 |a Bibliothèque  |c Bibliothèque  |f 024010584  |h 024010584  |k A DEL  |o c  |q j  |r az  |e Bibliothèque 

Options de recherche

Historique de recherche
Recherche avancée

Trouver plus

Nouveautés

Besoin d'aide ?

Contacter un bibliothécaire